00573nam a22001937a 450000500170000001000130001702000260003003500130005603700180006908200120008710000180009924500950011725000110021226000290022327000610025230000260031350000190033970000210035820211108164528.0 aB-741824 a9788131790311c200.00 aB-741824 bPearson /Gift a332.645 aHull, John C. aOptions, futures, and other derivative securities /cby John C. Hull [and] Sankarshan Basu a8th ed aNew DelhibPearsonc2014 a11 Community Centre, Panchsheel Park,bNew Delhie110017 axxi, 872p.c25cm(pbk) aincludes index aBasu, Sankarshan